Forever fuel (Record no. 7476)

000 -LEADER
fixed length control field 00551nam a2200205 i 4500
001 - CONTROL NUMBER
control field 7476
003 - CONTROL NUMBER IDENTIFIER
control field BD-DhUET
008 - FIXED-LENGTH DATA ELEMENTS--GENERAL INFORMATION
fixed length control field 800808s1981 coua b 001 0 eng
020 ## - INTERNATIONAL STANDARD BOOK NUMBER
International Standard Book Number 0891585818
040 ## - CATALOGING SOURCE
Original cataloging agency DLC
Transcribing agency DLC
Modifying agency BD-DhUET
082 00 - DEWEY DECIMAL CLASSIFICATION NUMBER
Classification number 665.81
Item number HOF/1981
100 ## - MAIN ENTRY--PERSONAL NAME
Personal name Hoffmann, Peter
245 14 - TITLE STATEMENT
Title Forever fuel
Remainder of title the story of hydrogen
Statement of responsibility, etc. by Peter Hoffmann
250 ## - EDITION STATEMENT
Edition statement Ist ed.
260 ## - PUBLICATION, DISTRIBUTION, ETC. (IMPRINT)
Place of publication, distribution, etc. Colorado
Name of publisher, distributor, etc. Westview Press
Date of publication, distribution, etc. 1981
300 ## - PHYSICAL DESCRIPTION
Extent xiv, 271 p.
Other physical details ill.
Dimensions 24 cm.
504 ## - BIBLIOGRAPHY, ETC. NOTE
Bibliography, etc Includes bibliographies
650 #0 - SUBJECT ADDED ENTRY--TOPICAL TERM
Topical term or geographic name as entry element Hydrogen as fuel
942 ## - ADDED ENTRY ELEMENTS (KOHA)
Koha item type General Book
Holdings
Location (home branch) Not for loan Koha item type Koha issues (times borrowed) Shelving location Koha normalized classification for sorting Koha date last seen Copy number Source of classification or shelving scheme Price effective from Sublocation or collection (holding branch) Lost status Date acquired Piece designation (barcode) Withdrawn status Damaged status Koha full call number Koha date last borrowed
Central Library, BUET General Book Circulation section665_000000000000000_81HOF19812014-12-091 2014-12-09Central Library, BUET 2014-12-0970070  665.81/HOF/1981 
Central Library, BUET General Book Circulation section665_000000000000000_81HOF19812014-12-092 2014-12-09Central Library, BUET 2014-12-0971965  665.81/HOF/1981 
Central Library, BUET General Book24Circulation section665_000000000000000_81HOF19812021-09-043 2014-12-09Central Library, BUET 2014-12-0970055  665.81/HOF/19812021-09-04
Central Library, BUET General Book1Circulation section665_000000000000000_81HOF19812017-05-094 2014-12-09Central Library, BUET 2014-12-0970056  665.81/HOF/19812017-05-09